000 01007nam a2200277Ia 4500
003 OSt
005 20221005111004.0
006 a|||||r|||| 00| 0
007 ta
008 221004b |||||||| |||| 00| 0 hin d
020 _a9788171194520 (hbk)
_c1200
024 _a15717
037 _bBR6147, 23/12/2014, Rajkamal Prakashan Pvt. Ltd.
_cTextual
040 _aCRL
_cCRL
_bhin
041 _2hin
_ahin
082 _aO152,3N607,KP, N9;P4
100 _aमोरवाल, भगवानदास
245 0 _aकाला पहाड़
246 _aKālā pahāड़
260 _aनई दिल्ली
_bराधाकृष्ण भारत
_c1999
300 _a466पृ0
_ccm.
650 _a हिन्दी साहित्य
650 _aहिन्दी कहानी
942 _hO152,3N607,KP, N9;P4
_cTEXL
_2cc
999 _c1020489
_d1020489